| 000 | 01597nam a22002177a 4500 | ||
|---|---|---|---|
| 003 | PILC | ||
| 005 | 20160129113856.0 | ||
| 008 | 140124b xxu||||| |||| 00| 0 eng d | ||
| 020 | _a9780316199773 | ||
| 050 |
_aPS 3566.A668 _b.P317 2011 |
||
| 100 | _aPatterson, James | ||
| 245 |
_a10th anniversary _cJames Patterson |
||
| 260 |
_aNew York : _bGrand Central Publishing, _c 2011. |
||
| 300 |
_a347 p. : _c17cm. |
||
| 520 | _aDetective Lindsay Boxer's long awaited wedding celebration becomes a distant memory when she is called to investigate a horrendous crime: a badly injured teenage girl is left for dead, and her newborn baby is nowhere to be found. Lindsay discovers that not only is there no trace of the criminals, but that the victim may be keeping secrets as well. At the same time, Assistant District Attorney Yuki Castellano is prosecuting the biggest case of her life, a woman who has been accused of murdering her husband in front of her two young children. Yuki's career rests on a guilty verdict, so when Lindsay finds evidence that could save the defendant, she is forced to choose. Should she trust her best friend or follow her instinct? Lindsay's every move is watched by her new boss, Lieutenant Jackson Brady, and when the pressure to find the baby begins interfering with her new marriage to Joe, she wonders if she'll ever be able to start a family. | ||
| 650 |
_2Women detectives _aWomen detectives |
||
| 650 |
_2Public prosecutors _aPublic prosecutors |
||
| 650 |
_2Crimes against -- Fiction. _aCrimes against -- Fiction. |
||
| 942 |
_2lcc _cBK |
||
| 999 |
_c26106 _d26106 |
||